Atlas agroclimático de Chile: regiones V y Metropolitana
Gardado en:
| Main Authors: | , |
|---|---|
| Formato: | Libro |
| Idioma: | Lingua castelá |
| Publicado: |
Santiago
Universidad de Chile
1990
|
| Subjects: | |
| Tags: |
Engadir etiqueta
Sen Etiquetas, Sexa o primeiro en etiquetar este rexistro!
|
MARC
| LEADER | 00000nam a2200000 a 4500 | ||
|---|---|---|---|
| 001 | UCO6090 | ||
| 003 | CL-VaPUC | ||
| 008 | 001006e19900000CL |||||||||||||||||spa|d | ||
| 082 | 0 | 4 | |a 630.2516 |b SAN |2 21 |
| 100 | 0 | |a Santibáñez Quezada, Fernando |e author |9 450939 | |
| 700 | 0 | |a Uribe M., Juan Manuel |e author |9 450940 | |
| 245 | 1 | 0 | |a Atlas agroclimático de Chile: regiones V y Metropolitana |
| 300 | |a 65 p | ||
| 942 | |c BK | ||
| 945 | |d 20001006 00:00:00 |a vberengu | ||
| 260 | |a Santiago |b Universidad de Chile |c 1990 | ||
| 650 | 0 | |a Agricultura |9 255598 | |
| 650 | 0 | |a Climatología agrícola |9 264594 | |
| 650 | 0 | |a Mapas |9 260844 | |
| 651 | 7 | |a CHILE |2 CL-VaPUC |9 450941 | |
| 651 | 0 | |a Región 05 |9 267528 | |
| 651 | 7 | |a REGION METROPOLITANA |2 CL-VaPUC |9 434994 | |
| 583 | |a last modification |c 20180406 02:06:25 |k Rodrigo Vera | ||
| 999 | |c 291878 |d 291876 | ||
| 952 | |0 0 |1 0 |4 0 |6 630_251600000000000_SAN_1990 |7 0 |8 F |9 342161 |a BIBAGR |b BIBAGR |d 2019-11-20 |i 3490734 |o 630.2516 SAN 1990 |p 3490734 |r 2025-01-20 |w 2019-11-20 |y BK_F |k AGR | ||
| 952 | |0 0 |1 0 |4 0 |6 630_251600000000000_SAN_1990 |7 0 |8 F |9 342162 |a BIBAGR |b BIBAGR |d 2019-11-20 |i 4611241 |o 630.2516 SAN 1990 |p 4611241 |r 2025-01-20 |w 2019-11-20 |y BK_F |k AGR | ||
| 952 | |0 0 |1 0 |4 0 |6 630_251600000000000_SAN_1990 |7 0 |8 F |9 342163 |a BIBAGR |b BIBAGR |d 2019-11-20 |i 461125K |o 630.2516 SAN 1990 |p 461125K |r 2025-01-20 |w 2019-11-20 |y BK_F |k AGR | ||